Cárceles y presidios (Record no. 167567)
[ view plain ]
| 000 -LEADER | |
|---|---|
| campo de control de longitud fija | 00991nam a2200193 i 4500 |
| 001 - NÚMERO DE CONTROL | |
| campo de control | 167567 |
| 003 - IDENTIFICADOR DE NÚMERO DE CONTROL | |
| campo de control | ES-MaACL |
| 005 - FECHA Y HORA DE LA ÚLTIMA TRANSACCIÓN | |
| campo de control | 20230906213543.0 |
| 008 - DATOS DE LONGITUD FIJA--INFORMACIÓN GENERAL | |
| campo de control de longitud fija | 990628s1834 sp |||| | spa d |
| 100 1# - ENTRADA PRINCIPAL--NOMBRE DE PERSONA | |
| Nombre de persona | Villanova y Jordan, Jacobo. |
| 9 (RLIN) | 133744 |
| 245 10 - MENCIÓN DEL TÍTULO | |
| Título | Cárceles y presidios |
| Resto del título | : aplicación de la panóptica de Jeremías Bentham a las cárceles y casas de corrección de España, o medio de mejorarlas, y de suprimir la pena de presidio con el establecimiento de casas construidas bajo el principio de inspección central / |
| Mención de responsabilidad, etc. | por Jacobo Villanova y Jordán. |
| 260 ## - PUBLICACIÓN, DISTRIBUCIÓN, ETC. | |
| Lugar de publicación, distribución, etc. | Madrid : |
| Nombre del editor, distribuidor, etc. | [s.n.], |
| Fecha de publicación, distribución, etc. | 1834 ( |
| Fabricante | Imp. de D. Tomás Jordán) |
| 300 ## - DESCRIPCIÓN FÍSICA | |
| Extensión | 191 p. ; |
| Dimensiones | 18 cm. |
| 530 ## - NOTA DISPONIBLE DE FORMULARIO FÍSICO ADICIONAL | |
| Nota de formato físico adicional disponible | Disponible en formato digital. |
| 600 14 - PUNTO DE ACCESO ADICIONAL DE MATERIA--NOMBRE DE PERSONA | |
| Nombre de persona | Bentham, Jeremy. |
| 9 (RLIN) | 27787 |
| 650 #4 - PUNTO DE ACCESO ADICIONAL DE MATERIA--TÉRMINO DE MATERIA | |
| Término de materia o nombre geográfico como elemento de entrada | Establecimientos penitenciarios- |
| Subdivisión geográfica | España. |
| 9 (RLIN) | 145832 |
| 852 ## - LOCALIZACIÓN | |
| Ubicación | ES-MaACL |
| Número de control de estantería | D-294 |
| Nota libre | - Enc. pasta española |
| -- | .- Donativo Lastres |
| 856 ## - LOCALIZACIÓN Y ACCESO ELECTRÓNICOS | |
| Identificador Uniforme de Recursos | <a href="http://bdh-rd.bne.es/viewer.vm?id=0000163854&page=1 ">http://bdh-rd.bne.es/viewer.vm?id=0000163854&page=1 </a> |
| Nota pública | Biblioteca Digital Hispánica |
| Estatus retirado | Estado de pérdida | Estado de daño | No para préstamo | Colección | Biblioteca de origen | Biblioteca actual | Ubicación en estantería | Fecha de adquisición | Fuente de adquisición | Total de préstamos | Signatura topográfica completa | Código de barras | Visto por última vez | Precio de reemplazo | Tipo de ítem Koha |
|---|---|---|---|---|---|---|---|---|---|---|---|---|---|---|---|
| Colección digital | Biblioteca del Ateneo de Madrid | Biblioteca del Ateneo de Madrid | Sala Valle Inclán | 17/01/2008 | D-294 | 901175797 | 23/02/2023 | 23/02/2023 | Libro impreso antiguo |
